Score 0/25 Timer 04:00
0 Plays Today
% Correct
Double Double Cherry
77%
Bunch Berry
67%
Oh-Yeah Orange-Pineapple
67%
Roarin’ Raspberry Cranberry
66%
Swirlin’ Strawberry-Starfruit
65%
Triple Awesome Grape
62%
Incrediberry
61%
Grape Tang
60%
Scary Black Cherry
58%
Pink Swimmingo
57%
Man-o-Mangoberry
56%
Sharkleberry Fin
55%
Mandarina-Tangerine
52%
% Correct
Rock-a-Dile Red
52%
Purplesaurus Rex
51%
Great Blue-dini
49%
Shaking Starfruit
47%
Root Beer
44%
Orange Enerjooz
37%
Golden Nectar
33%
Rhubarb
33%
Jamaica
32%
Kolita
30%
Tamarindo
29%
Chocolate
27%
Remove Ads.
Support Sporcle.
Get the best of Sporcle when you Go Orange. This ad-free experience offers more features, more stats, and more fun while also helping to support Sporcle. Thank you for becoming a member.

You're not logged in!

Compare scores with friends on all Sporcle quizzes.
OR
Log In

Show Comments

Extras

Top Quizzes Today


Score Distribution

Your Account Isn't Verified!

In order to create a playlist on Sporcle, you need to verify the email address you used during registration. Go to your Sporcle Settings to finish the process.

Report this User

Report this user for behavior that violates our Community Guidelines.

Details: